| 000 | 00603nam a22001697a 4500 | ||
|---|---|---|---|
| 020 | _qHard Cover. | ||
| 082 | _a004 | ||
| 100 | _aAyesha Anjum ; Haijab Zahid ; Rabia Saeed | ||
| 245 |
_aSHIREEN - AN URDU BASED PHONE ASSISTANT / _cAyesha Anjum ; Haijab Zahid ; Rabia Saeed |
||
| 260 |
_aIslamabad : _bSEECS - NUST, _c2019. |
||
| 300 |
_a56 p. : ill. ; _c30cm. |
||
| 650 |
_aSoftware Engineering-Project Report _930818 |
||
| 700 | _aDr. Muhammad Ali Tahir | ||
| 856 | _uhttp://10.250.8.41:8080/xmlui/handle/123456789/19644 | ||
| 942 |
_2ddc _cPR |
||
| 999 |
_c536341 _d536341 |
||